000 00602nam a22002417a 4500
003 UA-OsUOA
001 26623
007 ta
008 20040608b un ||||| |||| 00| 0 ukr d
100 _aГершензон С.М.
090 _a57(091)
_bГ42
942 _cBK
040 _aUA-OsUOA
_bukr
_cUA-OsUOA
_dUA-OsUOA
245 _aЕволюційна ідея до Дарвіна
300 _a198 с.
955 _a0
041 _aukr
080 _a57(091)
260 _aКиїв
_bВидавництво "Наукова думка"
_c1974
044 _aUA
650 7 _2UDC
999 _c312950
_d312950